[Event "Nice op 19th"]
[Site "Nice"]
[Date "2003.12.26"]
[Round "1"]
[White "Komljenovic, Davorin"]
[Black "Simon, Daniel"]
[Result "1-0"]
[WhiteElo "2440"]
[BlackElo "2144"]
[PlyCount "107"]
[EventDate "2003.12.26"]
[EventType "swiss"]
[EventRounds "7"]
[EventCountry "FRA"]
[SourceTitle "CBM 097 Extra"]
[Source "ChessBase"]
[SourceDate "2004.01.13"]
[SourceVersion "1"]
[SourceVersionDate "2004.01.13"]
[SourceQuality "1"]

1. d4 d5 2. c4 e6 3. Nf3 f5 4. Bg5 Nf6 5. e3 Be7 6. Qc2 c6 7. Be2 0-0 8. 0-0 Ne4 9. Bxe7 Qxe7 10. Nbd2 Nd7 11. a3 Kh8 12. b4 Nxd2 13. Qxd2 dxc4 14. Bxc4 e5 15. dxe5 Nxe5 16. Nxe5 Qxe5 17. Rfd1 Be6 18. Bxe6 Qxe6 19. Qd7 Qf7 20. Rd4 Kg8 21. a4 Rae8 22. Rad1 Qxd7 23. Rxd7 Rf7 24. Kf1 Kf8 25. Ke2 Rxd7 26. Rxd7 Re7 27. Rd4 Ke8 28. Kd3 Rd7 29. f4 Ke7 30. e4 fxe4+ 31. Kxe4 Rc7 32. Ke5 Rc8 33. Rd2 Rf8 34. f5 Rc8 35. a5 Re8 36. g4 Kf7+ 37. Kf4 Re7 38. Rd8 g6 39. Ra8 a6 40. Kg5 Rc7 41. Rb8 gxf5 42. gxf5 Rd7 43. h4 Kg7 44. h5 h6+ 45. Kf4 Rd4+ 46. Ke5 Rxb4 47. Rc8 Kf7 48. Rc7+ Kg8 49. Kf6 b6 50. axb6 Rxb6 51. Kg6 c5+ 52. f6 Rb8 53. Rg7+ Kf8 54. Rh7 1-0